[Event "IV Open"]
[Site "Crema ITA"]
[Date "2002.09.07"]
[Round "3"]
[White "Folcini, Gaddo"]
[Black "Pagliari, Franco"]
[Result "0-1"]
[WhiteElo "1344"]
[BlackElo "1500"]
[PlyCount "82"]
[EventDate "2002.09.06"]

1. d4 Nf6 2. e4 d5 3. e5 Nfd7 4. Bg5 c5 5. Nf3 Nc6 6. c3 c4 7. Be2 h6 8. Bh4 g5
9. Bg3 e6 10. O-O Ne7 11. Nfd2 Nf5 12. Bh5 Ng7 13. Bg4 h5 14. Bxe6 Nxe6 15. f4
h4 16. f5 hxg3 17. fxe6 gxh2+ 18. Kh1 fxe6 19. Qc2 Rh6 20. Na3 Bxa3 21. bxa3
Qe7 22. Rf2 Qg7 23. Raf1 Qg6 24. Qa4 Rh8 25. Rf6 Qg8 26. Nf3 Kd8 27. Rxe6 g4
28. Qa5+ b6 29. Qxd5 gxf3 30. Rxf3 Qxg2+ 31. Kxg2 h1=Q+ 32. Kf2 Rh2+ 33. Ke3
Qg1+ 34. Ke4 Qg4+ 35. Ke3 Qg5+ 36. Rf4 Rh3+ 37. Qf3 Rxf3+ 38. Kxf3 Bb7+ 39. Re4
Bxe4+ 40. Kxe4 Kc7 41. d5 Nc5+ 0-1

[Event "IV Open"]
[Site "Crema ITA"]
[Date "2002.09.07"]
[Round "3"]
[White "Gaeta, Antonio Angelo"]
[Black "Golia, Franco"]
[Result "0-1"]
[WhiteElo "1510"]
[BlackElo "1837"]
[PlyCount "68"]
[EventDate "2002.09.06"]

1. d4 Nf6 2. Nf3 g6 3. e3 Bg7 4. Bd3 d6 5. c3 Nbd7 6. Nbd2 O-O 7. O-O Nh5 8.
Nh4 e5 9. Nf5 Bf6 10. Nh6+ Kg7 11. Nf5+ Kh8 12. Ne4 Bg7 13. Nxg7 Nxg7 14. Ng3
f5 15. f4 exf4 16. Rxf4 d5 17. Qf1 Ne6 18. Rf2 Nf6 19. Be2 Ng5 20. b3 Nge4 21.
Nxe4 Nxe4 22. Ba3 Re8 23. Rf3 Nd2 24. Qf2 Nxf3+ 25. Bxf3 c6 26. c4 Be6 27. Qg3
dxc4 28. d5 Bxd5 29. Rd1 cxb3 30. e4 fxe4 31. Bxe4 Qf6 32. Bb4 Qe6 33. Qh4 Qxe4
34. Bc3+ Kg8 0-1

[Event "IV Open"]
[Site "Crema ITA"]
[Date "2002.09.07"]
[Round "3"]
[White "Gardon, Ermanno"]
[Black "Vetturi, Pietro"]
[Result "1-0"]
[WhiteElo "2108"]
[BlackElo "1600"]
[PlyCount "54"]
[EventDate "2002.09.06"]

1. Nf3 d5 2. g3 Nf6 3. Bg2 g6 4. O-O Bg7 5. d3 O-O 6. Nbd2 Nbd7 7. e4 dxe4 8.
dxe4 c6 9. Qe2 Qc7 10. e5 Nd5 11. e6 N7f6 12. exf7+ Rxf7 13. Nc4 Bd7 14. Nce5
Rff8 15. c4 Nb6 16. Bf4 Qd8 17. Rad1 Qe8 18. Rfe1 Rd8 19. Nxd7 Rxd7 20. b3 Rxd1
21. Rxd1 Qf7 22. Ng5 Qe8 23. Ne6 Nbd7 24. Nxf8 Bxf8 25. Qe6+ Kg7 26. Bh3 Nb6
27. Be5 Qf7 1-0

[Event "IV Open"]
[Site "Crema ITA"]
[Date "2002.09.07"]
[Round "3"]
[White "Gentili, Gianguido"]
[Black "Moratto, Davide"]
[Result "1-0"]
[WhiteElo "1684"]
[BlackElo "1557"]
[PlyCount "131"]
[EventDate "2002.09.06"]

1. e4 c5 2. Nc3 Nc6 3. g3 e6 4. Bg2 g6 5. d3 Bg7 6. Be3 d6 7. f4 Nge7 8. Nge2
a6 9. a4 Rb8 10. Rb1 b5 11. axb5 axb5 12. O-O Nd4 13. g4 f5 14. g5 h6 15. h4 b4
16. Na2 Qa5 17. Nac1 O-O 18. Ng3 Qd8 19. Nce2 Nxe2+ 20. Qxe2 Bd7 21. Bd2 Nc6
22. c3 Qc7 23. exf5 exf5 24. Bd5+ Kh7 25. Nh5 Rfe8 26. Qf3 Ne7 27. Nxg7 Kxg7
28. c4 Nxd5 29. cxd5 Bb5 30. b3 Re7 31. Rfe1 Rbe8 32. Rxe7+ Rxe7 33. Bc1 Kg8
34. Bb2 Qd8 35. Bf6 Qe8 36. Bxe7 Qxe7 37. Kf2 Qg7 38. Qe3 Kh8 39. Kg3 Qc3 40.
Kf3 Bxd3 41. Re1 Be4+ 42. Kf2 Qc2+ 43. Re2 Qb1 44. Qh3 Qd1 45. Rxe4 fxe4 46.
Qc8+ Kh7 47. Qd7+ Kh8 48. Qe8+ Kg7 49. Qe7+ Kg8 50. Qe6+ Kh8 51. Qf6+ Kh7 52.
Qf7+ Kh8 53. Qf8+ Kh7 54. Qxh6+ Kg8 55. Qxg6+ Kh8 56. Qe8+ Kg7 57. Qxe4 Qxb3
58. Qe7+ Kg8 59. Qxd6 Qc2+ 60. Kg3 b3 61. g6 Qd3+ 62. Kg4 Qe2+ 63. Kg5 Qe8 64.
Qc7 Kf8 65. Kh6 Qe7 66. g7+ 1-0

[Event "IV Open"]
[Site "Crema ITA"]
[Date "2002.09.07"]
[Round "3"]
[White "Gualtieri, Primo"]
[Black "Ruggeri, Dario"]
[Result "0-1"]
[WhiteElo "1609"]
[BlackElo "1618"]
[PlyCount "64"]
[EventDate "2002.09.06"]

1. e4 c5 2. Nf3 Nc6 3. d4 cxd4 4. c3 dxc3 5. Nxc3 g6 6. Bc4 Bg7 7. O-O Nf6 8.
Bf4 d6 9. Qe2 Bg4 10. Rfd1 Qb6 11. Be3 Bxf3 12. gxf3 Qa5 13. Nd5 O-O 14. Bb5
Nxd5 15. Rxd5 Qd8 16. Rad1 Rc8 17. a3 a6 18. Ba4 b5 19. Bb3 Na5 20. Ba2 Nc4 21.
Bd4 Bxd4 22. R5xd4 Ne5 23. f4 Nc6 24. R4d3 Qa5 25. b4 Qc7 26. Rg3 Kh8 27. Rc3
Nd4 28. Rxd4 Qxc3 29. Rd3 Qc1+ 30. Rd1 Qxf4 31. Bd5 Rc3 32. Qb2 Qg4+ 0-1

[Event "IV Open"]
[Site "Crema ITA"]
[Date "2002.09.07"]
[Round "3"]
[White "Impellizzeri, Francesco"]
[Black "Fabiano, Manuel"]
[Result "1-0"]
[WhiteElo "1645"]
[BlackElo "1383"]
[PlyCount "92"]
[EventDate "2002.09.06"]

1. c4 f5 2. g3 e6 3. Bg2 Nf6 4. e3 Be7 5. Ne2 O-O 6. Nbc3 c6 7. O-O d5 8. b3
Nbd7 9. cxd5 exd5 10. Bb2 Ne4 11. d3 Ng5 12. h4 Nf7 13. e4 Nf6 14. Qc2 Ng4 15.
Qc1 Bxh4 16. gxh4 Qxh4 17. Qf4 fxe4 18. dxe4 Nfe5 19. Qg3 Qe7 20. exd5 Rf6 21.
dxc6 bxc6 22. Bc1 Bf5 23. Bg5 Raf8 24. Bxf6 Rxf6 25. Rad1 Rh6 26. Nf4 Qf6 27.
Rfe1 Nh2 28. Ne4 Bxe4 29. Rxe4 Neg4 30. Re6 Qb2 31. Rxh6 gxh6 32. Bf3 Nxf3+ 33.
Qxf3 Ne5 34. Qg3+ Kf7 35. Kg2 Qc2 36. Re1 Qf5 37. Nh3 Ng4 38. Qf4 Kf6 39. Qxf5+
Kxf5 40. Re7 Kg6 41. Rxa7 h5 42. Rc7 Ne5 43. a4 h6 44. a5 Kf5 45. a6 Kg4 46. a7
Nf3 1-0

[Event "IV Open"]
[Site "Crema ITA"]
[Date "2002.09.07"]
[Round "3"]
[White "Marchiano, Nicola"]
[Black "Humel, Andrea"]
[Result "1-0"]
[WhiteElo "1633"]
[BlackElo "1470"]
[PlyCount "65"]
[EventDate "2002.09.06"]

1. e4 c5 2. d4 cxd4 3. c3 e6 4. cxd4 Nc6 5. Nf3 Qc7 6. Nc3 a6 7. Be3 b5 8. Rc1
Bb4 9. Bd3 Bb7 10. O-O Qb8 11. a3 Be7 12. Re1 Nf6 13. Qc2 Ng4 14. e5 h5 15. h3
Nxe3 16. fxe3 d6 17. Nxb5 dxe5 18. Nxe5 Nxe5 19. Nc7+ Kd7 20. Nxa8 Bxa8 21.
dxe5 Bh4 22. Qa4+ Bc6 23. Qxh4 Qxb2 24. Qd4+ Qxd4 25. exd4 a5 26. Rf1 f6 27.
exf6 gxf6 28. Rxf6 Rg8 29. Rg6 Rb8 30. Rb1 Re8 31. Bb5 Rc8 32. Bxc6+ Rxc6 33.
Rg5 1-0

[Event "IV Open"]
[Site "Crema ITA"]
[Date "2002.09.07"]
[Round "3"]
[White "Masotti, Roberto"]
[Black "Bonazzi, Edoardo"]
[Result "0-1"]
[WhiteElo "1711"]
[BlackElo "2133"]
[PlyCount "88"]
[EventDate "2002.09.06"]

1. Nf3 Nf6 2. c4 e6 3. Nc3 d5 4. d4 Be7 5. Qc2 O-O 6. Bg5 c5 7. cxd5 exd5 8. e3
cxd4 9. Nxd4 Nc6 10. a3 Nxd4 11. exd4 Re8 12. Be2 Bg4 13. O-O Bxe2 14. Nxe2 Rc8
15. Qd3 Qb6 16. b4 h6 17. Bf4 Ne4 18. Rac1 Bf6 19. Rxc8 Rxc8 20. Rc1 Rxc1+ 21.
Bxc1 Qc6 22. f3 Nd6 23. g4 Nc4 24. Qf5 Nd6 25. Qd3 Qe8 26. Qe3 Qb5 27. Nc3 Qc4
28. Ne2 Qc2 29. Qd2 Qxd2 30. Bxd2 Nb5 31. Be3 Nxa3 32. Nc3 Nc2 33. Nxd5 Nxe3
34. Nxe3 Bxd4 35. Kf2 Kf8 36. Ke2 Bxe3 37. Kxe3 Ke7 38. h4 a6 39. Kd4 Kd6 40.
f4 b6 41. h5 f6 42. Ke4 a5 43. bxa5 bxa5 44. Kf5 Ke7 0-1

[Event "IV Open"]
[Site "Crema ITA"]
[Date "2002.09.07"]
[Round "3"]
[White "Menini, Luca"]
[Black "Pinotti, Claudio"]
[Result "0-1"]
[WhiteElo "1600"]
[BlackElo "2073"]
[PlyCount "102"]
[EventDate "2002.09.06"]

1. d4 d6 2. c4 Nf6 3. Nc3 c6 4. e4 Qa5 5. Bd2 e5 6. d5 Be7 7. Bd3 Qd8 8. Nge2
Nbd7 9. O-O O-O 10. b4 a6 11. a4 Re8 12. Ng3 g6 13. Ra2 a5 14. bxa5 Nc5 15. Bc2
Rxa5 16. f3 Nfd7 17. Nce2 Ra8 18. Nc1 Nb6 19. Bb3 Bg5 20. Bb4 Bxc1 21. Bxc5 Bf4
22. Bf2 c5 23. Qc2 Nd7 24. Rfa1 Nb8 25. a5 Na6 26. Be1 Be3+ 27. Kh1 Nb4 28.
Bxb4 cxb4 29. Ba4 Re7 30. Bb5 Bd4 31. Rb1 Bc5 32. Rba1 Rc7 33. Qb3 Kg7 34. Ne2
f5 35. exf5 Bxf5 36. Ng3 Rf7 37. a6 bxa6 38. Rxa6 Rxa6 39. Rxa6 Qg5 40. Ra1 Qe3
41. Qxe3 Bxe3 42. Nxf5+ gxf5 43. Rb1 Bc5 44. Rb3 Ra7 45. Rb1 Kf6 46. h3 Ra3 47.
Kh2 b3 48. Be8 Bd4 49. Bh5 b2 50. c5 dxc5 51. d6 Ra1 0-1

[Event "IV Open"]
[Site "Crema ITA"]
[Date "2002.09.07"]
[Round "3"]
[White "Mussap, Angelo"]
[Black "Salami, Marco"]
[Result "1-0"]
[WhiteElo "1825"]
[BlackElo "2206"]
[PlyCount "101"]
[EventDate "2002.09.06"]

1. d4 f5 2. g3 Nf6 3. Bg2 g6 4. Bg5 Bg7 5. c3 d5 6. Nd2 c6 7. Ngf3 Be6 8. Ne5
Nbd7 9. Ndf3 Ne4 10. Bf4 Ndf6 11. Qb3 Qb6 12. Qa3 Nd6 13. Ng5 Bg8 14. O-O Nh5
15. Be3 Qb5 16. b3 Qxe2 17. c4 f4 18. Rfe1 Qc2 19. Bh3 Bxe5 20. Rac1 Qd3 21.
Red1 Nxc4 22. Qb4 Qe2 23. Qxb7 Rb8 24. Qxc6+ Kf8 25. Re1 Qb2 26. bxc4 fxe3 27.
fxe3 Bf6 28. Nf3 Qb7 29. Qxb7 Rxb7 30. c5 e6 31. Rb1 Rd7 32. g4 Ng7 33. g5 Bd8
34. Ne5 Rc7 35. Rb8 Ke7 36. Reb1 Bf7 37. Ra8 Nf5 38. Bxf5 gxf5 39. Rbb8 Bh5 40.
Kf2 Rf8 41. Kg3 Re8 42. h4 Be2 43. Kf4 Bh5 44. Rc8 Rf8 45. Nc6+ Rxc6 46. Rxc6
Kd7 47. Rd6+ Kc7 48. Rxa7+ Kb8 49. Rdd7 Bg6 50. c6 Re8 51. Rdb7+ 1-0

[Event "IV Open"]
[Site "Crema ITA"]
[Date "2002.09.07"]
[Round "3"]
[White "Pancioni, Marco"]
[Black "Florio, Italo"]
[Result "0-1"]
[WhiteElo "1500"]
[BlackElo "1437"]
[PlyCount "102"]
[EventDate "2002.09.06"]

1. d4 Nf6 2. c4 g6 3. Nc3 Bg7 4. Nf3 O-O 5. e4 d6 6. Be2 Nbd7 7. O-O c6 8. Bg5
Qc7 9. Qc2 Re8 10. b4 e5 11. d5 cxd5 12. cxd5 Nxe4 13. Qxe4 Qxc3 14. Rac1 Qa3
15. Rc7 Nf6 16. Qh4 b5 17. Bxb5 Nxd5 18. Bxe8 Nxc7 19. Bxf7+ Kxf7 20. Qc4+ Ne6
21. Qd5 Rb8 22. Qxd6 Qxb4 23. Nxe5+ Bxe5 24. Qxe5 Rb5 25. Qf6+ Kg8 26. Be3 Rf5
27. Qa1 Qb7 28. h3 Nf4 29. Bxf4 Rxf4 30. Qe5 Rf5 31. Qe3 Qb6 32. Rc1 Bb7 33. g4
Qxe3 34. fxe3 Rf3 35. Rc7 Bd5 36. Rxa7 Rxh3 37. a4 Rxe3 38. Kf2 Rf3+ 39. Ke2
Rf4 40. a5 Rxg4 41. Rd7 Bf7 42. Ke3 Ra4 43. Ra7 Kg7 44. a6 Kf6 45. Kd2 h5 46.
Ke3 h4 47. Ke2 h3 48. Ra8 g5 49. a7 g4 50. Ke3 g3 51. Rh8 h2 0-1

[Event "IV Open"]
[Site "Crema ITA"]
[Date "2002.09.07"]
[Round "3"]
[White "Potenza, Gaetano"]
[Black "Massa, Salvenrico"]
[Result "0-1"]
[WhiteElo "1476"]
[BlackElo "1753"]
[PlyCount "76"]
[EventDate "2002.09.06"]

1. e4 c6 2. d4 d5 3. Nc3 dxe4 4. Nxe4 Nf6 5. Nxf6+ exf6 6. Bc4 Bd6 7. Ne2 Qc7
8. h3 Bf5 9. O-O Nd7 10. Re1 O-O 11. c3 Nb6 12. Bd3 Be6 13. Qc2 g6 14. Bh6 Rfe8
15. Qd2 Nd5 16. a3 c5 17. c4 Ne7 18. d5 Bf5 19. g4 Bxd3 20. Qxd3 Kh8 21. Nc3 a6
22. Ne4 Ng8 23. Bd2 Rad8 24. Bc3 Be5 25. Qf3 Bxc3 26. bxc3 Kg7 27. Rad1 b5 28.
d6 Qb7 29. Qd3 Qc6 30. cxb5 axb5 31. c4 bxc4 32. Qxc4 Re5 33. f4 Ree8 34. Rd5
Qb6 35. Rc1 Qb2 36. a4 Rxe4 37. Qxc5 Re2 38. Rdd1 Rg2+ 0-1

[Event "IV Open"]
[Site "Crema ITA"]
[Date "2002.09.07"]
[Round "3"]
[White "Raffaldi, Fabrizio"]
[Black "Salami, Giovanni"]
[Result "1-0"]
[WhiteElo "1560"]
[BlackElo "1510"]
[PlyCount "95"]
[EventDate "2002.09.06"]

1. e4 c5 2. Nf3 e6 3. d4 cxd4 4. Nxd4 Nc6 5. Nxc6 bxc6 6. Bd3 Nf6 7. O-O Be7 8.
Nc3 O-O 9. e5 Nd5 10. Nxd5 cxd5 11. Qg4 f5 12. exf6 Bxf6 13. f4 d6 14. Qf3 Bd4+
15. Kh1 Bb7 16. c3 Bf6 17. Qh5 g6 18. Qg4 Qe7 19. Bd2 Bg7 20. Rae1 e5 21. fxe5
Rxf1+ 22. Rxf1 dxe5 23. Bg5 Qd6 24. h4 e4 25. Be2 Bc8 26. Qf4 Qxf4 27. Bxf4 Be6
28. Rd1 Rf8 29. Be3 a5 30. Kg1 Rb8 31. Rd2 a4 32. Rc2 h5 33. Bd4 Bf5 34. Be3
Be5 35. Rd2 Be6 36. Bg5 Kf7 37. Kf2 Bf6 38. Bxf6 Kxf6 39. Ke3 Ke5 40. Bd1 a3
41. bxa3 Ra8 42. a4 Ra5 43. Bb3 Rc5 44. Rc2 Bg4 45. g3 Bd7 46. Rc1 Bxa4 47.
Bxa4 d4+ 48. cxd4+ 1-0

[Event "IV Open"]
[Site "Crema ITA"]
[Date "2002.09.07"]
[Round "3"]
[White "Santandrea, Marco"]
[Black "Bison, Beniamino"]
[Result "0-1"]
[WhiteElo "1615"]
[BlackElo "2197"]
[PlyCount "104"]
[EventDate "2002.09.06"]

1. e4 e6 2. d4 d5 3. Nd2 c5 4. exd5 Qxd5 5. Nb3 cxd4 6. Qxd4 Qxd4 7. Nxd4 a6 8.
Bf4 Bc5 9. Ngf3 Ne7 10. Bd3 Nbc6 11. Nxc6 Nxc6 12. a3 Bd7 13. O-O f6 14. Rad1
O-O-O 15. b4 Ba7 16. b5 axb5 17. Bxb5 e5 18. Be3 Bxe3 19. fxe3 Na7 20. Bxd7+
Rxd7 21. Rxd7 Kxd7 22. Rb1 Kc6 23. Kf2 Ra8 24. c4 Nc8 25. Rb3 Nd6 26. Nd2 Ra4
27. Rc3 b6 28. Ke2 e4 29. Kf2 f5 30. g3 g6 31. Ke2 Nb7 32. Nb3 Na5 33. c5 Nc4
34. cxb6 Kxb6 35. Nd4 Nxa3 36. Ne6 Nc4 37. Rc2 Kb5 38. Nd4+ Kc5 39. Ne6+ Kb4
40. Nd4 Kc5 41. Ne6+ Kd5 42. Nf4+ Ke5 43. Ng2 g5 44. h4 h6 45. Kf2 Kd5 46. hxg5
hxg5 47. g4 fxg4 48. Kg3 Ne5 49. Rd2+ Ke6 50. Rd4 Rxd4 51. exd4 Nf3 52. Kxg4
Kd5 0-1

[Event "IV Open"]
[Site "Crema ITA"]
[Date "2002.09.07"]
[Round "3"]
[White "Sartorio, Diego"]
[Black "Bertoletti, Vincenzo"]
[Result "1-0"]
[WhiteElo "2050"]
[BlackElo "1380"]
[PlyCount "39"]
[EventDate "2002.09.06"]

1. e4 g6 2. d4 Bg7 3. Nc3 c5 4. Nf3 cxd4 5. Nxd4 Qb6 6. Nb3 Nc6 7. Be3 Qd8 8.
Qd2 d6 9. Be2 h6 10. O-O g5 11. Nd4 Nxd4 12. Bxd4 e5 13. Be3 Ne7 14. Rad1 Ng6
15. Qxd6 Qxd6 16. Rxd6 Nf4 17. Bb5+ Ke7 18. Bc5 Ne6 19. Nd5+ Kf8 20. Rd8# 1-0

[Event "IV Open"]
[Site "Crema ITA"]
[Date "2002.09.07"]
[Round "3"]
[White "Sbarra, Marco"]
[Black "Gilardone, Adriano"]
[Result "1-0"]
[WhiteElo "2237"]
[BlackElo "1729"]
[PlyCount "61"]
[EventDate "2002.09.06"]

1. e4 e6 2. d4 d5 3. e5 c5 4. c3 Nc6 5. Nf3 Qb6 6. a3 Bd7 7. b4 cxd4 8. cxd4 f5
9. Nc3 Rc8 10. Na4 Qc7 11. h4 g6 12. h5 Nh6 13. Nc5 Bg7 14. Bg5 Nf7 15. h6 Bf8
16. Rc1 Nxg5 17. Nxg5 Nd8 18. g4 Be7 19. Qd2 fxg4 20. Be2 Bxg5 21. Qxg5 Nf7 22.
Qd2 O-O 23. Bxg4 b6 24. Nd3 Qb8 25. Rxc8 Qxc8 26. Nf4 Ng5 27. f3 Qe8 28. Nxd5
Nxf3+ 29. Bxf3 Rxf3 30. Nf6+ Kh8 31. Nxe8 1-0

[Event "IV Open"]
[Site "Crema ITA"]
[Date "2002.09.07"]
[Round "3"]
[White "Scotti, Luigi"]
[Black "Prati, Alessandro"]
[Result "0-1"]
[WhiteElo "1399"]
[BlackElo "1624"]
[PlyCount "120"]
[EventDate "2002.09.06"]

1. e4 c5 2. Nf3 Nc6 3. d4 cxd4 4. Nxd4 Nf6 5. Nc3 g6 6. f3 Bg7 7. Be3 O-O 8.
Bc4 d6 9. Qd2 Bd7 10. O-O-O Rc8 11. Bb3 Ne5 12. h4 h5 13. Bh6 Qa5 14. Kb1 Nc4
15. Bxc4 Rxc4 16. Bxg7 Kxg7 17. Nde2 Rfc8 18. g3 b5 19. a3 b4 20. axb4 Rxb4 21.
Na2 Rb5 22. Nd4 Re5 23. Qxa5 Rxa5 24. Nc3 Rac5 25. Rd3 Rb8 26. Rhd1 Rc7 27. Rh1
Rcb7 28. Nd1 Rb4 29. Rh2 Bc8 30. Nc6 Ba6 31. Rdd2 Nd7 32. Nxb8 Rxb8 33. g4 Ne5
34. Rhf2 hxg4 35. fxg4 Nxg4 36. Rg2 Nf6 37. Nc3 Rh8 38. b3 Rxh4 39. Rd4 Rh3 40.
Kb2 Nd7 41. Nd5 Kf8 42. b4 Ne5 43. c3 Rh1 44. Ne3 Bb7 45. Nd5 Nf3 46. Rd3 Ne1
47. Rd1 Ba6 48. Nf4 Nxg2 49. Rxh1 Nxf4 50. Rh8+ Kg7 51. Ra8 Bd3 52. Rxa7 Kf6
53. Kb3 Bxe4 54. b5 Ne6 55. Kb4 Nc5 56. b6 g5 57. Ra1 g4 58. Rf1+ Ke6 59. Re1
f5 60. Kb5 g3 0-1

[Event "IV Open"]
[Site "Crema ITA"]
[Date "2002.09.07"]
[Round "4"]
[White "Badalotti, Dario"]
[Black "Galli, Massimiliano"]
[Result "0-1"]
[WhiteElo "1585"]
[BlackElo "1500"]
[PlyCount "107"]
[EventDate "2002.09.06"]

1. e4 c5 2. Nf3 d6 3. d4 cxd4 4. Nxd4 Nf6 5. Nc3 g6 6. Bg5 Bg7 7. Qd2 Bd7 8.
Bh6 O-O 9. Bxg7 Kxg7 10. Be2 Nc6 11. Rd1 Rc8 12. O-O a6 13. Rfe1 Qb6 14. Nb3
Ng4 15. Bf3 Nce5 16. Nd5 Qd8 17. Nd4 Nc4 18. Qb4 b5 19. b3 Nb6 20. Nxb6 Qxb6
21. h3 Ne5 22. Be2 Nc6 23. Nxc6 Rxc6 24. c4 bxc4 25. Qxb6 Rxb6 26. Bxc4 Bb5 27.
Bxb5 Rxb5 28. Rc1 Re5 29. b4 f5 30. exf5 Rfxf5 31. Rxe5 Rxe5 32. Kf1 a5 33. Rb1
Rb5 34. a3 Kf6 35. Rb3 e5 36. Ke2 Ke6 37. Ke3 d5 38. f3 h6 39. Kd3 Kf5 40. g3
g5 41. Kc3 h5 42. bxa5 Rxa5 43. g4+ hxg4 44. hxg4+ Kf4 45. Kb4 Ra7 46. Kc5 Rd7
47. Kc6 Rd8 48. Rd3 d4 49. a4 Rc8+ 50. Kb7 Rc3 51. Rxc3 dxc3 52. a5 c2 53. a6
c1=Q 54. a7 0-1

[Event "IV Open"]
[Site "Crema ITA"]
[Date "2002.09.07"]
[Round "4"]
[White "Bertoletti, Vincenzo"]
[Black "Gaeta, Antonio Angelo"]
[Result "0-1"]
[WhiteElo "1380"]
[BlackElo "1510"]
[PlyCount "76"]
[EventDate "2002.09.06"]

1. d4 c6 2. c4 Nf6 3. Nc3 e6 4. Bg5 Bb4 5. Qc2 Bxc3+ 6. bxc3 d5 7. e3 Nbd7 8.
Nf3 Qa5 9. Nd2 dxc4 10. Bxc4 Qxg5 11. O-O Ng4 12. Nf3 Qh6 13. h3 Ngf6 14. Bd3
b6 15. Rfe1 Bb7 16. e4 O-O 17. c4 c5 18. d5 exd5 19. exd5 Rfe8 20. Nh2 Re5 21.
Rxe5 Nxe5 22. Bf5 Qf4 23. Re1 Qxc4 24. Qb2 Qxd5 25. f3 Nxf3+ 26. Nxf3 Qxf5 27.
Re5 Qd3 28. Qf2 Bxf3 29. gxf3 Qd4 30. Re3 Nd5 31. Re2 Qxf2+ 32. Rxf2 Nf4 33.
Kh2 Re8 34. Kg3 g5 35. h4 h6 36. hxg5 hxg5 37. Kg4 c4 38. Kxg5 Nh3+ 0-1

[Event "IV Open"]
[Site "Crema ITA"]
[Date "2002.09.07"]
[Round "4"]
[White "Bison, Beniamino"]
[Black "Castrogiovanni, Carlo"]
[Result "1/2-1/2"]
[WhiteElo "2197"]
[BlackElo "2071"]
[PlyCount "53"]
[EventDate "2002.09.06"]

1. d4 Nf6 2. c4 c5 3. d5 b5 4. cxb5 a6 5. b6 d6 6. Nc3 Nbd7 7. e4 g6 8. Nf3 Bg7
9. Be2 O-O 10. O-O Nxb6 11. Nd2 e6 12. dxe6 Bxe6 13. Re1 d5 14. exd5 Nfxd5 15.
Nxd5 Bxd5 16. Bf3 Re8 17. Rxe8+ Qxe8 18. Bxd5 Nxd5 19. Nc4 Rd8 20. Bg5 f6 21.
Bd2 Nf4 22. Qe1 Nd3 23. Qxe8+ Rxe8 24. Be3 f5 25. Rd1 Nxb2 26. Nxb2 Bxb2 27.
Bxc5 1/2-1/2

[Event "IV Open"]
[Site "Crema ITA"]
[Date "2002.09.07"]
[Round "4"]
[White "Bonazzi, Edoardo"]
[Black "Festa, Samuele"]
[Result "1/2-1/2"]
[WhiteElo "2133"]
[BlackElo "1660"]
[PlyCount "48"]
[EventDate "2002.09.06"]

1. c4 f5 2. Nc3 Nf6 3. g3 g6 4. Bg2 Bg7 5. d3 O-O 6. Nf3 d6 7. O-O e5 8. Rb1 c6
9. b4 Qc7 10. Qb3 Nbd7 11. Ne1 Kh8 12. Nc2 Rb8 13. a4 b6 14. b5 c5 15. Ne3 Bb7
16. Ned5 Nxd5 17. Nxd5 Qd8 18. a5 h6 19. Bb2 Nf6 20. axb6 axb6 21. Nxf6 Bxg2
22. Kxg2 Bxf6 23. Ra1 Ra8 24. e4 Qd7 1/2-1/2

[Event "IV Open"]
[Site "Crema ITA"]
[Date "2002.09.07"]
[Round "4"]
[White "Braghetta, Sergio"]
[Black "Agnelli, Francesco"]
[Result "1-0"]
[WhiteElo "2265"]
[BlackElo "2146"]
[PlyCount "75"]
[EventDate "2002.09.06"]

1. d4 Nf6 2. Nf3 g6 3. Bg5 Bg7 4. Nbd2 d6 5. e4 O-O 6. c3 Nbd7 7. Bd3 e5 8. O-O
h6 9. Bh4 g5 10. Bg3 Nh5 11. Nc4 Nf4 12. Bc2 Re8 13. Re1 Qf6 14. Ne3 Nf8 15. h4
N8g6 16. hxg5 hxg5 17. Nh2 Be6 18. Nhg4 Qd8 19. Nf5 exd4 20. Nxd4 Bd7 21. Ne3
Qf6 22. Ndf5 a5 23. a4 Be6 24. Qd2 Bf8 25. f3 c6 26. Ng4 Qh8 27. Bf2 c5 28. Be3
Rad8 29. g3 Ne5 30. Nxe5 dxe5 31. Qh2 Qxh2+ 32. Kxh2 Nd3 33. Reb1 f6 34. b3 Rd7
35. Rd1 Red8 36. Rd2 Nb2 37. Rxd7 Rxd7 38. Rb1 1-0

[Event "IV Open"]
[Site "Crema ITA"]
[Date "2002.09.07"]
[Round "4"]
[White "Brunello, Sabino"]
[Black "Santandrea, Marco"]
[Result "1-0"]
[WhiteElo "1957"]
[BlackElo "1615"]
[PlyCount "93"]
[EventDate "2002.09.06"]

1. e4 c6 2. d4 d5 3. e5 Bf5 4. c3 e6 5. Be3 Nd7 6. f4 c5 7. Nf3 cxd4 8. Nxd4
Ne7 9. Nxf5 Nxf5 10. Bf2 Bc5 11. Bxc5 Nxc5 12. Bb5+ Nd7 13. Bxd7+ Qxd7 14. Qe2
O-O 15. O-O Qc7 16. Qf2 b6 17. Nd2 Qc5 18. Nb3 Qxf2+ 19. Kxf2 Rac8 20. g4 Ne7
21. Ke3 Ng6 22. Nd4 a6 23. Rae1 Rc4 24. Kd3 Re8 25. Re2 h6 26. Re3 Nf8 27. b3
Rc7 28. a4 Rec8 29. Kc2 Nd7 30. b4 Rc4 31. Kb3 R4c7 32. f5 Nf8 33. fxe6 Nxe6
34. Nf5 Rd8 35. Rd1 Rcd7 36. h4 a5 37. h5 Rc8 38. Rxd5 Rcd8 39. Red3 Rxd5 40.
Rxd5 axb4 41. Kxb4 Kf8 42. Rxd8+ Nxd8 43. Kb5 g6 44. Kxb6 gxf5 45. gxf5 Ke7 46.
Kc7 f6 47. exf6+ 1-0

[Event "IV Open"]
[Site "Crema ITA"]
[Date "2002.09.07"]
[Round "4"]
[White "Ceresoli, Luigi"]
[Black "Dragojlovic, Andjelko"]
[Result "0-1"]
[WhiteElo "2204"]
[BlackElo "2351"]
[PlyCount "90"]
[EventDate "2002.09.06"]

1. e4 c5 2. c3 g6 3. d4 cxd4 4. cxd4 d5 5. e5 Nc6 6. Nc3 Nh6 7. Bb5 Bg7 8. Bg5
f6 9. Bxh6 Bxh6 10. Qa4 e6 11. Bxc6+ bxc6 12. Nf3 O-O 13. O-O Bd7 14. Qc2 Bg7
15. Rfe1 fxe5 16. Nxe5 Bxe5 17. Rxe5 c5 18. dxc5 Qc7 19. Rg5 Rf6 20. Qd2 Raf8
21. Rf1 a5 22. a3 a4 23. Rg4 Bc6 24. Rb4 Qd7 25. f3 e5 26. Re1 Qe7 27. Nxa4 e4
28. h3 Qa7 29. fxe4 Bxa4 30. Qxd5+ Kh8 31. Qd4 Bc6 32. Rb6 Qg7 33. e5 Rf4 34.
Qxf4 Rxf4 35. Rxc6 Rf8 36. Rd6 Qa7 37. Rd2 Qxc5+ 38. Kh1 Qb5 39. Ree2 Rf1+ 40.
Kh2 Qb8 41. Rd6 Kg7 42. Red2 Re1 43. Rd7+ Kh6 44. R7d5 Qf8 45. R5d4 Rxe5 0-1

[Event "IV Open"]
[Site "Crema ITA"]
[Date "2002.09.07"]
[Round "4"]
[White "Cocozza, Mario"]
[Black "Mussap, Angelo"]
[Result "1-0"]
[WhiteElo "2354"]
[BlackElo "1825"]
[PlyCount "49"]
[EventDate "2002.09.06"]

1. e4 c5 2. Nf3 d6 3. d4 cxd4 4. Nxd4 Nf6 5. Nc3 a6 6. Be2 g6 7. Be3 Bg7 8. O-O
O-O 9. f4 Nbd7 10. Qd2 Nc5 11. Bf3 Ng4 12. Bxg4 Bxg4 13. f5 gxf5 14. exf5 e5
15. Nb3 Nxb3 16. axb3 f6 17. Ra4 Bh5 18. Rh4 Be8 19. Rf3 Kh8 20. Rfh3 h5 21.
Ne4 Kh7 22. Ng3 Rh8 23. Nxh5 Bxh5 24. Rxh5+ Kg8 25. Qd5+ 1-0

[Event "IV Open"]
[Site "Crema ITA"]
[Date "2002.09.07"]
[Round "4"]
[White "Fabiano, Manuel"]
[Black "Pancioni, Marco"]
[Result "0-1"]
[WhiteElo "1383"]
[BlackElo "1500"]
[PlyCount "92"]
[EventDate "2002.09.06"]

1. d4 d5 2. Nf3 Nf6 3. Bf4 e6 4. Nbd2 c5 5. c3 Nc6 6. e3 Be7 7. Bd3 Nh5 8. Bg3
Nxg3 9. hxg3 c4 10. Rxh7 Rxh7 11. Bxh7 Kd7 12. Qa4 Kc7 13. O-O-O g6 14. Rh1 Bd7
15. Qc2 Qh8 16. Qd1 Qg7 17. e4 Rh8 18. exd5 exd5 19. Bxg6 Rxh1 20. Qxh1 Qxg6
21. Qe1 Bf6 22. Qe3 Bf5 23. Qf4+ Kb6 24. b3 Be7 25. Kb2 Bc2 26. bxc4 Bd1 27.
c5+ Kb5 28. Ne1 Qe6 29. Nc2 Bxc2 30. Kxc2 Qg6+ 31. Kb2 Qg5 32. Qxg5 Bxg5 33.
Nf3 Bd8 34. Nh4 Kc4 35. Nf5 Kd3 36. Nd6 Ba5 37. Nxf7 Bxc3+ 38. Kb3 Bxd4 39. Nd6
Bxc5 40. Nxb7 Bxf2 41. g4 Nd4+ 42. Kb4 Ne6 43. Kb5 Kc3 44. Na5 Kb2 45. a4 Ka3
46. Nc6 Nc7+ 0-1

[Event "IV Open"]
[Site "Crema ITA"]
[Date "2002.09.07"]
[Round "4"]
[White "Florio, Italo"]
[Black "Borboni, Paolo"]
[Result "0-1"]
[WhiteElo "1437"]
[BlackElo "1521"]
[PlyCount "54"]
[EventDate "2002.09.06"]

1. Nf3 d6 2. g3 e5 3. d3 Nc6 4. Bg2 Be6 5. O-O Qd7 6. Nfd2 Bh3 7. e4 Bxg2 8.
Kxg2 h5 9. f4 exf4 10. Rxf4 g5 11. Rf5 g4 12. c3 Nge7 13. Rf2 O-O-O 14. Rxf7
Ne5 15. Rf2 Nxd3 16. Re2 Nc6 17. Nf1 Nxc1 18. Qxc1 Bh6 19. Qc2 Ne5 20. Ne3 Bxe3
21. Rxe3 Rdf8 22. Nd2 h4 23. Rh1 h3+ 24. Kg1 Qf7 25. Re2 Nc4 26. Qc1 Nxd2 27.
Rxd2 Rh6 0-1

[Event "IV Open"]
[Site "Crema ITA"]
[Date "2002.09.07"]
[Round "4"]
[White "Gilardone, Adriano"]
[Black "Masotti, Roberto"]
[Result "1/2-1/2"]
[WhiteElo "1729"]
[BlackElo "1711"]
[PlyCount "47"]
[EventDate "2002.09.06"]

1. e4 e6 2. d4 d5 3. exd5 exd5 4. Bd3 c5 5. dxc5 Bxc5 6. Nf3 Bg4 7. O-O Ne7 8.
Nc3 Nbc6 9. h3 Bh5 10. Bf4 h6 11. g4 Bg6 12. Bxg6 fxg6 13. Be3 Bxe3 14. fxe3
O-O 15. Nd4 Qd6 16. Kg2 Qe5 17. Nxc6 bxc6 18. Qd4 Qe6 19. Rxf8+ Kxf8 20. Rf1+
Kg8 21. e4 dxe4 22. Qxe4 Qxe4+ 23. Nxe4 Nd5 24. Rf2 1/2-1/2